Syntéza nových pohľadov z limitovaného počtu kamier

Uložené v:
Podrobná bibliografia
Hlavný autor: Hlačina, Vladimír (Autor)
Ďalší autori: Rozinaj, Gregor (Vedúci práce)
Médium: Rukopis Kniha
Jazyk:Slovak
Vydavateľské údaje: 2025
Predmet:
On-line prístup:http://is.stuba.sk/zp/portal_zp.pl?podrobnosti=184384
Tagy: Pridať tag
Žiadne tagy, Buďte prvý, kto otaguje tento záznam!

MARC

LEADER 00000ntm a22000003a 4500
001 stuzp103714
003 SK-STU
005 20250614212155.3
007 ta
008 150427s2015----xo-----f-mn---000-0-slo-d
040 |a STU  |b slo 
041 0 |a slo 
100 1 |a Hlačina, Vladimír  |u 037000  |4 aut  |U FEI Fakulta elektrotechniky a informatiky  |T FEI Ústav multimediálnych informačných a komunikačných technológií  |X 96875  |U E070  |Y 818  |7 96875 
242 0 1 |a Novel View Synthesis with limited number of cameras  |y eng 
245 1 0 |a Syntéza nových pohľadov z limitovaného počtu kamier 
260 |c 2025 
650 4 |a Novel view synthesis  |2 eng 
650 4 |a OpenCV  |2 eng 
650 4 |a depth map  |2 eng 
650 4 |a computer vision  |2 eng 
650 4 |a 3D Gaussian Splatting  |2 eng 
650 4 |a OpenCV  |2 slo 
650 4 |a hĺbková mapa  |2 slo 
650 4 |a 3D Gaussian Splatting  |2 slo 
650 4 |a počítačové videnie  |2 slo 
650 4 |a syntéza pohľadov  |2 slo 
700 1 |a Rozinaj, Gregor  |u 037000  |k Z1  |4 ths  |U FEI Fakulta elektrotechniky a informatiky  |T FEI Ústav multimediálnych informačných a komunikačných technológií  |X 1945  |U E070  |Y 818  |7 A000001945 
856 4 |u http://is.stuba.sk/zp/portal_zp.pl?podrobnosti=184384